000 00718nam a2200205 a 4500
001 000047658
003 DO-SdBNP
005 20260219105724.0
008 110627s2017 dr 000 0 spa d
040 _aDO-SdBNP
_bspa
_cBNPHU
082 _a378.7293
_bU588s
110 2 _aUniversidad Católica de Santo Domingo
_91476
245 1 0 _aSeptuagésima tercera graduación ordinaria :
_bAuditorio Casa San Pablo 20 de octubre de 2017/.
260 _aSanto Domingo :
_bUniversidad Católica Santo Domingo,
_c2017.
300 _a[28 p.] ;
_c21 cm.
590 _aInventariado, 2018/VM
650 4 _aUniversidades
_zRepública Dominicana
_9729
650 0 _aEducación superior
_zRepública Dominicana
_9730
942 _2ddc
_cLF2
999 _c47146
_d47146